Előszó
Elmentve itt :
| Szerző: | |
|---|---|
| További közreműködők: | |
| Dokumentumtípus: | Könyv része |
| Megjelent: |
2014
|
| Sorozat: | A vallási kultúrakutatás könyvei
Tanulmányok a Verses Szentírásról |
| Kulcsszavak: | Vallási néprajz - magyar - előszó |
| Tárgyszavak: | |
| Online Access: | http://acta.bibl.u-szeged.hu/67216 |
| LEADER | 00949naa a2200289 i 4500 | ||
|---|---|---|---|
| 001 | acta67216 | ||
| 005 | 20211125102839.0 | ||
| 008 | 200527s2014 hu o 0|| hun d | ||
| 020 | |a 978-963-306-301-9 | ||
| 022 | |a 2064-4825 | ||
| 040 | |a SZTE Egyetemi Kiadványok Repozitórium |b hun | ||
| 041 | |a hun | ||
| 100 | 1 | |a Barna Gábor | |
| 245 | 1 | 0 | |a Előszó |h [elektronikus dokumentum] / |c Barna Gábor |
| 260 | |c 2014 | ||
| 300 | |a 7-9 | ||
| 490 | 0 | |a A vallási kultúrakutatás könyvei | |
| 490 | 0 | |a Tanulmányok a Verses Szentírásról | |
| 650 | 4 | |a Társadalomtudományok | |
| 650 | 4 | |a Szociológia | |
| 650 | 4 | |a Bölcsészettudományok | |
| 650 | 4 | |a Filozófia, etika és vallástudományok | |
| 695 | |a Vallási néprajz - magyar - előszó | ||
| 700 | 0 | 1 | |a Varga Lajos |
| 700 | 0 | 1 | |a Lugossy Ilona |
| 700 | 0 | 1 | |a Márton Dorottya |
| 856 | 4 | 0 | |u http://acta.bibl.u-szeged.hu/67216/1/vallasi_kulturakutatas_konyvei_014_007-009.pdf |z Dokumentum-elérés |